[Event "Prebor DDM 2007"]
[Site "?"]
[Date "2007.12.06"]
[Round "9"]
[White "Kokstein, Vlastimil"]
[Black "Schmidt, Karel"]
[Result "1/2-1/2"]
[WhiteElo "1589"]
[BlackElo "1790"]
[PlyCount "127"]
[EventDate "2007.??.??"]
[SourceDate "2007.12.06"]

1. e4 d5 2. Nc3 d4 3. Nd5 c6 4. Nf4 e5 5. Nd3 Bd6 6. h3 Nf6 7. Qe2 c5 8. b3 b6
9. Nb2 Ba6 10. d3 b5 11. Bg5 h6 12. Bd2 Bc7 13. Nf3 Nc6 14. a4 Ba5 15. axb5
Bxd2+ 16. Qxd2 Bxb5 17. Be2 O-O 18. O-O Qe7 19. Nh4 Nxe4 20. dxe4 Bxe2 21. Nf5
Qg5 22. Qxe2 g6 23. Ng3 h5 24. Qb5 Rfc8 25. Qe2 h4 26. Nh1 f5 27. f3 Qe3+ 28.
Qxe3 dxe3 29. c3 f4 30. Nd3 Kf7 31. Nxc5 Ne7 32. b4 a5 33. Nd3 Rxc3 34. Nxe5+
Ke6 35. Ng4 Nc6 36. bxa5 Nd4 37. Ra2 Rd8 38. a6 Nc2 39. a7 e2 40. a8=Q exf1=Q+
41. Kxf1 Ne3+ 42. Nxe3 Rxa8 43. Rxa8 fxe3 44. Ra2 Rc1+ 45. Ke2 Rxh1 46. Ra6+
Kf7 47. Ra2 g5 48. Kxe3 Rb1 49. Kf2 Rb5 50. Rd2 Kf6 51. g3 Rb1 52. gxh4 gxh4
53. f4 Rb3 54. Kg2 Rg3+ 55. Kh2 Re3 56. Rd6+ Ke7 57. Rd4 Re2+ 58. Kg1 Re3 59.
Kg2 Rg3+ 60. Kh2 Rf3 61. f5 Re3 62. Kg2 Kf6 63. Kf2 Rxh3 64. Ra4 1/2-1/2

[Event "Prebor DDM 2007"]
[Site "?"]
[Date "2007.12.14"]
[Round "9"]
[White "Smutny, Patrik"]
[Black "Safranek, David"]
[Result "1-0"]
[WhiteElo "1374"]
[BlackElo "1700"]
[PlyCount "113"]
[EventDate "2007.??.??"]
[SourceDate "2007.12.14"]

1. e4 e5 2. Nf3 Nc6 3. a3 Nf6 4. Nc3 d5 5. d3 d4 6. Ne2 Bd6 7. h3 O-O 8. Ng3
Nd7 9. Be2 Nb6 10. O-O Be6 11. Bd2 Ne7 12. c3 c5 13. b4 dxc3 14. Bxc3 f6 15.
bxc5 Bxc5 16. d4 exd4 17. Bxd4 Rc8 18. Bxc5 Rxc5 19. Nd4 Bf7 20. Qd2 Nc6 21.
Rfd1 Nxd4 22. Qxd4 Qxd4 23. Rxd4 Rc2 24. Bf1 Rfc8 25. Nf5 Nc4 26. Ne7+ Kf8 27.
Nxc8 a6 28. Nd6 b5 29. Nxf7 Kxf7 30. Bxc4+ bxc4 31. Rb1 c3 32. Rc4 a5 33. Rb3
Rc1+ 34. Kh2 c2 35. Rb2 Ra1 36. Rcxc2 Rxa3 37. Ra2 Rd3 38. Rxa5 Rd7 39. Rac5
Rd4 40. e5 Ke6 41. exf6 Kxf6 42. Rb2 Rd7 43. g4 h6 44. Rbc2 Rd3 45. h4 Rd4 46.
Kg3 Rd3+ 47. f3 Rd4 48. h5 Rd7 49. Re2 Kf7 50. Rc6 Kf8 51. Rce6 Kf7 52. f4 Rd3+
53. Kh4 Rd7 54. g5 hxg5+ 55. fxg5 Rd4+ 56. R2e4 Rd7 57. g6+ 1-0